Využitie osvetľovacích sústav v budovách

Na minha lista:
Detalhes bibliográficos
Autor principal: Jediný, Peter (Author)
Outros Autores: Raditschová, Jana (Thesis advisor)
Formato: Manuscrito Livro
Idioma:eslovaco
Publicado em: Bratislava : STU v Bratislave FEI, 2020
Assuntos:
Acesso em linha:https://opac.crzp.sk/?fn=detailBiblioForm&sid=69B07E5EF4F2B22F0E82B5C7FD1B&seo=CRZP-detail-kniha
Tags: Adicionar Tag
Sem tags, seja o primeiro a adicionar uma tag!

MARC

LEADER 00000ntm a22000003a 4500
001 stuzp70595
003 SK-STU
005 20200902131938.3
007 ta
008 150427s2015----xo-----f-mn---000-0-slo-d
040 |a STU  |b slo 
041 0 |a slo 
044 |a xo 
100 1 |a Jediný, Peter  |u 032000  |4 aut  |U FEI Fakulta elektrotechniky a informatiky  |T FEI Ústav elektroenergetiky a aplikovanej elektrotechniky  |X 86943  |U E020  |Y 548  |7 86943 
242 0 1 |a Usage of Lighting Systems in Buildings  |y eng 
245 1 0 |a Využitie osvetľovacích sústav v budovách 
260 |c Bratislava :  |c STU v Bratislave FEI,  |c 2020 
300 |a 61 s. 
650 4 |a energetická hospodárnosť  |2 slo 
650 4 |a činiteľ absencie  |2 slo 
650 4 |a činiteľ obsadenosti  |2 slo 
650 4 |a energy performance  |2 eng 
650 4 |a occupancy dependency factor  |2 eng 
650 4 |a absence factor  |2 eng 
700 1 |a Raditschová, Jana  |u 032000  |k Z8  |4 ths  |U FEI Fakulta elektrotechniky a informatiky  |T FEI Ústav elektroenergetiky a aplikovanej elektrotechniky  |X 46335  |U E020  |Y 548  |7 A000046335 
856 4 |u https://opac.crzp.sk/?fn=detailBiblioForm&sid=69B07E5EF4F2B22F0E82B5C7FD1B&seo=CRZP-detail-kniha